| 000 | 00569nam a22001937a 4500 | ||
|---|---|---|---|
| 005 | 20260420095048.0 | ||
| 008 | 260420b |||||||| |||| 00| 0 eng d | ||
| 020 |
_a9789358492613 _c220.00 |
||
| 040 | _aMAIN | ||
| 041 | _aasm | ||
| 082 |
_a320.01 _bDAS. |
||
| 100 |
_aDas, Deepan. _dSaikia, Dipen . |
||
| 245 |
_aৰাজনৈতিক তত্ৱ অৱধাৰণা আৰু বিতৰ্ক _cBy Deepan Das. |
||
| 250 | _a1st ed. | ||
| 260 |
_aDibrugarh: _bBanalata; _c2024. |
||
| 300 | _a248p. | ||
| 650 | _aPolitical Science | ||
| 942 |
_2ddc _cBK |
||
| 999 |
_c16380 _d16380 |
||